1 Fußballer aus 9 (Außenverteidiger) - Statistiken

Allgemein
  • Dieses Quiz wurde 367 mal gespielt
  • Das Durchschnittsergebnis liegt bei 67 aus 81
Antwortstatistiken
Frage Kachel Select % Korrekt
einen wunderschönen Freistoß, gegen Frankreich aus 35 Metern direkt verwandelte. Nein
96%
einen wunderschönen Freistoß, gegen Frankreich aus 35 Metern direkt verwandelte. Nein
96%
einen wunderschönen Freistoß, gegen Frankreich aus 35 Metern direkt verwandelte. Nein
95%
einen wunderschönen Freistoß, gegen Frankreich aus 35 Metern direkt verwandelte. Nein
95%
einen wunderschönen Freistoß, gegen Frankreich aus 35 Metern direkt verwandelte. Nein
95%
einen wunderschönen Freistoß, gegen Frankreich aus 35 Metern direkt verwandelte. Nein
95%
sowohl Felix Magath als auch Pep Guardiola als Trainer hatte. Nein
95%
sowohl Felix Magath als auch Pep Guardiola als Trainer hatte. Nein
95%
sowohl Felix Magath als auch Pep Guardiola als Trainer hatte. Nein
95%
sowohl Felix Magath als auch Pep Guardiola als Trainer hatte. Nein
95%
sowohl Felix Magath als auch Pep Guardiola als Trainer hatte. Nein
95%
als französischer Nationalspieler bei Athletic Bilbao spielte. Nein
95%
als französischer Nationalspieler bei Athletic Bilbao spielte. Nein
95%
als französischer Nationalspieler bei Athletic Bilbao spielte. Nein
95%
als französischer Nationalspieler bei Athletic Bilbao spielte. Nein
95%
als französischer Nationalspieler bei Athletic Bilbao spielte. Nein
94%
als französischer Nationalspieler bei Athletic Bilbao spielte. Nein
94%
als französischer Nationalspieler bei Athletic Bilbao spielte. Nein
94%
einen wunderschönen Freistoß, gegen Frankreich aus 35 Metern direkt verwandelte. Nein
93%
einen wunderschönen Freistoß, gegen Frankreich aus 35 Metern direkt verwandelte. Nein
93%
sowohl Felix Magath als auch Pep Guardiola als Trainer hatte. Nein
93%
der die teuerste Ablöse für einen Außenverteidiger über 27 (Alter) einbrachte. Nein
93%
im Champions League Finale 22/23 durchspielte. Nein
93%
sein erstes Premier League Tor gegen Swansea City erzielte. Nein
93%
sein erstes Premier League Tor gegen Swansea City erzielte. Nein
93%
im Champions League Finale 22/23 durchspielte. Nein
92%
im Champions League Finale 22/23 durchspielte. Nein
92%
im Champions League Finale 22/23 durchspielte. Nein
92%
im Champions League Finale 22/23 durchspielte. Nein
92%
der die teuerste Ablöse für einen Außenverteidiger über 27 (Alter) einbrachte. Nein
91%
sein erstes Premier League Tor gegen Swansea City erzielte. Nein
91%
sein erstes Premier League Tor gegen Swansea City erzielte. Nein
91%
sein erstes Premier League Tor gegen Swansea City erzielte. Nein
91%
sein erstes Premier League Tor gegen Swansea City erzielte. Nein
91%
in einem Champions League Spiel gegen Club Brügge 3 Torvorlagen lieferte. Nein
91%
einen wunderschönen Freistoß, gegen Frankreich aus 35 Metern direkt verwandelte. Ja
90%
sowohl Felix Magath als auch Pep Guardiola als Trainer hatte. Nein
90%
der die teuerste Ablöse für einen Außenverteidiger über 27 (Alter) einbrachte. Nein
90%
im Champions League Finale 22/23 durchspielte. Nein
90%
in seiner ganzen Karriere Transfererlöse von 6,63 Millionen Euro einbrachte. Nein
90%
sowohl Felix Magath als auch Pep Guardiola als Trainer hatte. Nein
89%
der die teuerste Ablöse für einen Außenverteidiger über 27 (Alter) einbrachte. Nein
89%
in einem Champions League Spiel gegen Club Brügge 3 Torvorlagen lieferte. Nein
89%
in einem Champions League Spiel gegen Club Brügge 3 Torvorlagen lieferte. Nein
89%
in seiner ganzen Karriere Transfererlöse von 6,63 Millionen Euro einbrachte. Nein
89%
der die teuerste Ablöse für einen Außenverteidiger über 27 (Alter) einbrachte. Nein
88%
sein erstes Premier League Tor gegen Swansea City erzielte. Nein
88%
in seiner ganzen Karriere Transfererlöse von 6,63 Millionen Euro einbrachte. Nein
87%
in seiner ganzen Karriere Transfererlöse von 6,63 Millionen Euro einbrachte. Nein
87%
einen Topspeed von 35,4 km/h vorweisen kann. Nein
87%
einen Topspeed von 35,4 km/h vorweisen kann. Nein
87%
in einem Champions League Spiel gegen Club Brügge 3 Torvorlagen lieferte. Nein
86%
in seiner ganzen Karriere Transfererlöse von 6,63 Millionen Euro einbrachte. Nein
86%
einen Topspeed von 35,4 km/h vorweisen kann. Nein
86%
einen Topspeed von 35,4 km/h vorweisen kann. Nein
86%
der die teuerste Ablöse für einen Außenverteidiger über 27 (Alter) einbrachte. Nein
85%
einen Topspeed von 35,4 km/h vorweisen kann. Nein
85%
der die teuerste Ablöse für einen Außenverteidiger über 27 (Alter) einbrachte. Nein
84%
einen Topspeed von 35,4 km/h vorweisen kann. Nein
84%
sowohl Felix Magath als auch Pep Guardiola als Trainer hatte. Ja
83%
in seiner ganzen Karriere Transfererlöse von 6,63 Millionen Euro einbrachte. Nein
83%
einen Topspeed von 35,4 km/h vorweisen kann. Nein
82%
im Champions League Finale 22/23 durchspielte. Nein
79%
in einem Champions League Spiel gegen Club Brügge 3 Torvorlagen lieferte. Nein
79%
in seiner ganzen Karriere Transfererlöse von 6,63 Millionen Euro einbrachte. Nein
79%
in einem Champions League Spiel gegen Club Brügge 3 Torvorlagen lieferte. Nein
77%
in einem Champions League Spiel gegen Club Brügge 3 Torvorlagen lieferte. Nein
76%
in einem Champions League Spiel gegen Club Brügge 3 Torvorlagen lieferte. Nein
72%
sein erstes Premier League Tor gegen Swansea City erzielte. Nein
71%
in seiner ganzen Karriere Transfererlöse von 6,63 Millionen Euro einbrachte. Nein
71%
als französischer Nationalspieler bei Athletic Bilbao spielte. Nein
62%
sein erstes Premier League Tor gegen Swansea City erzielte. Ja
62%
als französischer Nationalspieler bei Athletic Bilbao spielte. Ja
58%
einen Topspeed von 35,4 km/h vorweisen kann. Nein
53%
der die teuerste Ablöse für einen Außenverteidiger über 27 (Alter) einbrachte. Nein
48%
im Champions League Finale 22/23 durchspielte. Nein
47%
in seiner ganzen Karriere Transfererlöse von 6,63 Millionen Euro einbrachte. Ja
41%
im Champions League Finale 22/23 durchspielte. Ja
32%
einen Topspeed von 35,4 km/h vorweisen kann. Ja
31%
der die teuerste Ablöse für einen Außenverteidiger über 27 (Alter) einbrachte. Ja
21%
in einem Champions League Spiel gegen Club Brügge 3 Torvorlagen lieferte. Ja
18%
Keine übereinstimmenden Quizze gefunden
Verteilung der Resultate
Anzahl Personen mit jedem Resultat
Perzentil nach korrekt beantworteten Fragen
Ihre Resultats-Entwicklung
Sie haben dieses Quiz noch nicht gespielt